书目信息 |
| 题名: |
2019年世界有机农业概况与趋势预测
|
|
| 作者: | ;瑞士有机农业研究所 , IFOAM国际有机联盟 编著 ;正谷北京农业发展有限公司 译 | |
| 分册: | ||
| 出版信息: | 北京 中国农业科学技术出版社 2019 |
|
| 页数: | 10,161页 | |
| 开本: | 26cm | |
| 丛书名: | ||
| 单 册: | ||
| 中图分类: | F313 , F313 | |
| 科图分类: | ||
| 主题词: | 有机农业--农业发展--概况--世界--2019 , 有机农业--经济发展趋势--世界 | |
| 电子资源: | ||
| ISBN: | 978-7-5116-4092-5 | |
| 000 | 01796nam0 2200277 450 | |
| 001 | 2370605959 | |
| 005 | 20231109193713.64 | |
| 010 | @a978-7-5116-4092-5@dCNY50.00 | |
| 100 | @a20190618d2019 em y0chiy50 ea | |
| 101 | 1 | @achi@ceng |
| 102 | @aCN@b110000 | |
| 105 | @ay z 000yy | |
| 200 | 1 | @a2019年世界有机农业概况与趋势预测@92019 nian shi jie you ji nong ye gai kuang yu qu shi yu ce@dThe world of organic agriculture: statistics and emerging trends 2019@f瑞士有机农业研究所(FiBL),IFOAM国际有机联盟(IFOAM-Organic International)编著@g正谷(北京)农业发展有限公司译@zeng |
| 210 | @a北京@c中国农业科学技术出版社@d2019 | |
| 215 | @a10,161页@d26cm | |
| 330 | @a本书介绍瑞士有机农业研究所和IFOAM国际有机联盟自2000年开始开展对全球范围有机产业发展的调研和数据统计与分析,目前已连续20年发布“世界有机农业概况与趋势预测”。随着数据的全面性和准确性不断增强,许多政府机构、科研院所、认证机构、社会组织、有机企业和相关媒体纷纷转载和引用。为了将该目前全球为的有机农业和有机产业年部报告尽快翻译成中文并对外发布,正谷有机农业团队自2012年起已连续6年在IFOAM和FiBL的支持下摘译并发布该年度报告。此项工作为我国的有机从业者带来了大量的全球产业信息,使关注有机行业的中方人士能够及时了解和跟上全球有机产业发展的步伐。本书为2019年2月发布的“世界有机农业概况与趋势预测”的翻译引进版。 | |
| 510 | 1 | @aWorld of organic agriculture: statistics and emerging trends 2019@zeng |
| 606 | 0 | @a有机农业@x农业发展@x概况@y世界@z2019 |
| 606 | 0 | @a有机农业@x经济发展趋势@y世界 |
| 690 | @aF313@v5 | |
| 690 | @aF313@v4 | |
| 711 | 02 | @a瑞士有机农业研究所@9rui shi you ji nong ye yan jiu suo@4编著 |
| 711 | 02 | @aIFOAM国际有机联盟@9IFOAM guo ji you ji lian meng@4编著 |
| 712 | 02 | @a正谷北京农业发展有限公司@9zheng gu bei jing nong ye fa zhan you xian gong si@4译 |
| 801 | 0 | @aCN@b91MARC@c20190620 |
| 905 | @aBZT@dF313@e1 | |
| 2019年世界有机农业概况与趋势预测=The world of organic agriculture: statistics and emerging trends 2019/瑞士有机农业研究所(FiBL),IFOAM国际有机联盟(IFOAM-Organic International)编著/正谷(北京)农业发展有限公司译.-北京:中国农业科学技术出版社,2019 |
| 10,161页;26cm |
| ISBN 978-7-5116-4092-5:CNY50.00 |
| 本书介绍瑞士有机农业研究所和IFOAM国际有机联盟自2000年开始开展对全球范围有机产业发展的调研和数据统计与分析,目前已连续20年发布“世界有机农业概况与趋势预测”。随着数据的全面性和准确性不断增强,许多政府机构、科研院所、认证机构、社会组织、有机企业和相关媒体纷纷转载和引用。为了将该目前全球为的有机农业和有机产业年部报告尽快翻译成中文并对外发布,正谷有机农业团队自2012年起已连续6年在IFOAM和FiBL的支持下摘译并发布该年度报告。此项工作为我国的有机从业者带来了大量的全球产业信息,使关注有机行业的中方人士能够及时了解和跟上全球有机产业发展的步伐。本书为2019年2月发布的“世界有机农业概况与趋势预测”的翻译引进版。 |
| ● |
| 相关链接 |
|
|
|
正题名:2019年世界有机农业概况与趋势预测
索取号:F313/1
 
预约/预借
| 序号 | 登录号 | 条形码 | 馆藏地/架位号 | 状态 | 备注 |
| 1 | 2000979932 | 2000979932 | 中教第一批/山东中教(第一批)/245/ [索取号:F313/1] | 在馆 | |
| 2 | 2000979933 | 2000979933 | 中教第一批/山东中教(第一批)/245/ [索取号:F313/1] | 在馆 | |
| 3 | 2000979934 | 2000979934 | 中教第一批/山东中教(第一批)/245/ [索取号:F313/1] | 在馆 | |
| 4 | 2000979935 | 2000979935 | 中教第一批/山东中教(第一批)/245/ [索取号:F313/1] | 在馆 | |
| 5 | 2000979936 | 2000979936 | 中教第一批/山东中教(第一批)/245/ [索取号:F313/1] | 在馆 | |
| 6 | 2000979937 | 2000979937 | 中教第一批/山东中教(第一批)/245/ [索取号:F313/1] | 在馆 |